Normal view
MARC view
- Islam
Entry Topical Term
001 - CONTROL NUMBER
- control field: 120719
003 - CONTROL NUMBER IDENTIFIER
- control field: NUST
005 - DATE AND TIME OF LATEST TRANSACTION
- control field: 20240219140112.0
008 - FIXED-LENGTH DATA ELEMENTS
- fixed length control field: 240219|| aca||aabn | a|a d
040 ## - CATALOGING SOURCE
- Original cataloging agency: NUST
- Transcribing agency: NUST
150 ## - HEADING--TOPICAL TERM
- Topical term or geographic name entry element: Islam
- Topical term or geographic name entry element: Holy war
670 ## - SOURCE DATA FOUND
- Source citation: Work cat.: (NUST)607834: Siddiqui, Dr. Umair Mehmood 120670, Ghazvah-e-Hind/, 2019.
